000 00472cam a22001934a 4500
005 20251217162127.0
008 250528s ||||||||||||||||||||||||d
035 _a22122
020 _a9789602866375
040 _aGR-AtMCL
_bgre
_dGR-AtMCL
_eAACR2
245 1 _aΒΙΟΛΟΓΙΚΗ ΨΥΧΟΛΟΓΙΑ ΤΟΜΟΣ Α
250 _a5
260 _bΊων,
_c1998
300 _a328
700 1 _aKalat, James W.
_9300
942 _cBK
999 _c7178
_d7178